Statistics for All Countries That Do Not Contain E

Click here to take the quiz!

General Stats

  • This quiz has been taken 1,532 times
    (397 since last reset)
  • The average score is 92 of 109

Answer Stats

Answer% Correct
Australia
95%
Japan
94%
Afghanistan
92%
Albania
92%
Austria
92%
Brazil
92%
Canada
92%
China
92%
Norway
92%
Russia
92%
Andorra
91%
Finland
91%
Iran
91%
Iraq
91%
Kazakhstan
90%
Oman
90%
Portugal
90%
Spain
90%
Colombia
89%
Laos
89%
South Sudan
89%
Sudan
89%
Fiji
88%
India
88%
Italy
88%
Pakistan
88%
Poland
88%
Vatican City
88%
Haiti
87%
Jamaica
87%
Jordan
87%
Kyrgyzstan
87%
Latvia
87%
South Africa
87%
Angola
86%
Bolivia
86%
Ghana
86%
Hungary
86%
Mali
86%
Morocco
86%
Paraguay
86%
Togo
86%
Uruguay
86%
Zambia
86%
Chad
85%
Libya
85%
Lithuania
85%
Mauritius
85%
Qatar
85%
Romania
85%
San Marino
85%
Tonga
85%
Uganda
85%
Bhutan
84%
Bulgaria
84%
Comoros
84%
Cuba
84%
Djibouti
84%
Gambia
84%
Mauritania
84%
Palau
84%
Panama
84%
Thailand
84%
Antigua and Barbuda
83%
Bahamas
83%
Bahrain
83%
Botswana
83%
Guyana
83%
Honduras
83%
Kosovo
83%
Kuwait
83%
Malaysia
83%
Monaco
83%
Nauru
83%
Saudi Arabia
83%
Tajikistan
83%
Tunisia
83%
Madagascar
82%
Rwanda
82%
Somalia
82%
Syria
82%
Vanuatu
82%
Barbados
81%
Cambodia
81%
Costa Rica
81%
Croatia
81%
Dominica
81%
Gabon
81%
Marshall Islands
81%
Tuvalu
81%
Cyprus
80%
Kiribati
80%
Mongolia
80%
Saint Lucia
80%
Samoa
80%
Slovakia
80%
Malta
79%
Moldova
79%
Myanmar
79%
Solomon Islands
79%
Namibia
78%
Tanzania
78%
Burundi
77%
Malawi
76%
Nicaragua
76%
Sri Lanka
76%
Trinidad and Tobago
76%
Taiwan
75%
Burkina Faso
74%

Score Distribution

Percentile by Number Answered

Percent of People with Each Score

Your Score History

You have not taken this quiz since the last reset